Instant notes genetics / (Record no. 187076)
[ view plain ]
| 000 -LEADER | |
|---|---|
| fixed length control field | 00753nam a2200253Ia 4500 |
| 005 - DATE AND TIME OF LATEST TRANSACTION | |
| control field | 20220915114942.0 |
| 008 - FIXED-LENGTH DATA ELEMENTS--GENERAL INFORMATION | |
| fixed length control field | 210716s2003 xx 000 0 und d |
| 020 ## - INTERNATIONAL STANDARD BOOK NUMBER | |
| International Standard Book Number | 8176494208 |
| 040 ## - CATALOGING SOURCE | |
| Transcribing agency | AIMIT LIBRARY |
| 041 ## - LANGUAGE CODE | |
| Language code of text/sound track or separate title | eng |
| 082 ## - DEWEY DECIMAL CLASSIFICATION NUMBER | |
| Classification number | 575.1 |
| Edition number | 2 |
| Item number | WINP |
| 100 ## - MAIN ENTRY--PERSONAL NAME | |
| Personal name | Winter, P C. |
| 9 (RLIN) | 57609 |
| 245 ## - TITLE STATEMENT | |
| Title | Instant notes genetics / |
| Statement of responsibility, etc. | By P C Winter, G I Hickey and H L Fletcher. |
| 250 ## - EDITION STATEMENT | |
| Edition statement | 2nd ed. |
| 260 ## - PUBLICATION, DISTRIBUTION, ETC. | |
| Place of publication, distribution, etc. | New Delhi : |
| Name of publisher, distributor, etc. | Vision Books , |
| Date of publication, distribution, etc. | 2003. |
| 300 ## - PHYSICAL DESCRIPTION | |
| Extent | 374p. ; |
| Dimensions | 24 cm.` |
| 650 ## - SUBJECT ADDED ENTRY--TOPICAL TERM | |
| Topical term or geographic name entry element | Molecular genetics |
| 9 (RLIN) | 57610 |
| 650 ## - SUBJECT ADDED ENTRY--TOPICAL TERM | |
| Topical term or geographic name entry element | Genomes |
| 9 (RLIN) | 57611 |
| 650 ## - SUBJECT ADDED ENTRY--TOPICAL TERM | |
| Topical term or geographic name entry element | Mechanisms of inheritance |
| 9 (RLIN) | 57612 |
| 650 ## - SUBJECT ADDED ENTRY--TOPICAL TERM | |
| Topical term or geographic name entry element | Human genetics |
| 9 (RLIN) | 57613 |
| 700 ## - ADDED ENTRY--PERSONAL NAME | |
| Personal name | Hickey, G I. |
| 9 (RLIN) | 57614 |
| 700 ## - ADDED ENTRY--PERSONAL NAME | |
| Personal name | Fletcher, H L. |
| 9 (RLIN) | 57615 |
| 942 ## - ADDED ENTRY ELEMENTS (KOHA) | |
| Source of classification or shelving scheme | Dewey Decimal Classification |
| Koha item type | Book |
| Edition | 2nd |
| Call number prefix | 575.1 WINP |
| Withdrawn status | Lost status | Source of classification or shelving scheme | Damaged status | Not for loan | Collection code | Home library | Current library | Source of acquisition | Cost, normal purchase price | Inventory number | Total Checkouts | Full call number | Barcode | Date last seen | Cost, replacement price | Price effective from | Koha item type | Date last checked out |
|---|---|---|---|---|---|---|---|---|---|---|---|---|---|---|---|---|---|---|
| Dewey Decimal Classification | MCA | St Aloysius Institute of Management & Information Technology | St Aloysius Institute of Management & Information Technology | Sita Book House | 195.00 | Bill no:6055; Bill dt:2006-05-06 | 575.1 WINP | MCA06584 | 07/21/2025 | 156.00 | 07/16/2021 | Book | ||||||
| Dewey Decimal Classification | MCA | St Aloysius Institute of Management & Information Technology | St Aloysius Institute of Management & Information Technology | Sita Book House | 195.00 | Bill no:6055; Bill dt:2006-05-06 | 575.1 WINP | MCA06585 | 07/21/2025 | 156.00 | 07/16/2021 | Book | ||||||
| Dewey Decimal Classification | MCA | St Aloysius Institute of Management & Information Technology | St Aloysius Institute of Management & Information Technology | Sita Book House | 195.00 | Bill no:6055; Bill dt:2006-05-06 | 575.1 WINP | MCA06586 | 07/21/2025 | 156.00 | 07/16/2021 | Book | ||||||
| Dewey Decimal Classification | MCA | St Aloysius Institute of Management & Information Technology | St Aloysius Institute of Management & Information Technology | Sita Book House | 195.00 | Bill no:6055; Bill dt:2006-05-06 | 1 | 575.1 WINP | MCA06587 | 07/21/2025 | 156.00 | 07/16/2021 | Book | 06/03/2024 | ||||
| Dewey Decimal Classification | Reference Book | MCA | St Aloysius Institute of Management & Information Technology | St Aloysius Institute of Management & Information Technology | Sita Book House | 195.00 | Bill no:6055; Bill dt:2005-06-28 | 575.1 WINP | MCA06588 | 07/21/2025 | 156.00 | 07/16/2021 | Book |